000
00289nam a2200121Ia 4500
008
190216s9999||||xx |||||||||||||| ||und||
100
_a
Maarif Dar Al
245
0
_a
Al- Adab- Al Ararhl Ma`Asir. 12.Edi
260
_b
Dar-Al-Maari Cairo
_c
1999
300
_a
307
650
_a
Arabic
942
_c
BK
999
_c
587
_d
587